[Event "North American-ch U16"]
[Site "Montreal"]
[Date "2010.08.16"]
[Round "2"]
[White "Zhou, Joseph"]
[Black "Li, Ruokai David"]
[Result "0-1"]
[WhiteElo "1398"]
[BlackElo "1597"]
[PlyCount "70"]
[EventDate "2010.08.16"]
[EventType "swiss"]
[EventRounds "7"]
[EventCountry "CAN"]
[SourceTitle "EXT 2013"]
[Source "ChessBase"]
[SourceDate "2012.11.22"]
[SourceVersion "1"]
[SourceVersionDate "2012.11.22"]
[SourceQuality "1"]

1. d4 f5 2. c4 Nf6 3. Nc3 g6 4. Nf3 Bg7 5. Bf4 d6 6. e3 0-0 7. Bd3 Nh5 8. Bg3 Nc6 9. 0-0 e5 10. dxe5 dxe5 11. e4 f4 12. Bh4 Ne7 13. Nd5 Nf6 14. Nxe5 Nfxd5 15. Nxg6 hxg6 16. exd5 Bf6 17. Bxf6 Rxf6 18. Be4 Nf5 19. Rc1 Nh4 20. g3 fxg3 21. hxg3 Nf5 22. Kg2 Nd6 23. Bd3 Bf5 24. Rh1 Qd7 25. Qc2 Raf8 26. Rcf1 Qf7 27. Bxf5 Nxf5 28. Qe2 Nd6 29. Rh2 Re8 30. Rfh1 Qg7 31. Qg4 Ref8 32. Kg1 Nf5 33. Kg2 Nh6 34. Qh4 Rxf2+ 35. Kh3 Qd7+ 0-1